Normal view
MARC view
Entry Personal Name
001 - CONTROL NUMBER
- control field: 12743
003 - CONTROL NUMBER IDENTIFIER
- control field: HDC
005 - DATE AND TIME OF LATEST TRANSACTION
- control field: 20230624073405.0
008 - FIXED-LENGTH DATA ELEMENTS
- fixed length control field: 210209|| aca||aabn | a|a d
040 ## - CATALOGING SOURCE
- Original cataloging agency: HDC
- Transcribing agency: HDC
100 ## - HEADING--PERSONAL NAME
- Personal name: Sahilah Abd. Mutalib
670 ## - SOURCE DATA FOUND
- Source citation: Work cat.: (HDC): Sahilah Abd. Mutalib, author, Molecular typing among poultry isolates of Salmonella agona by PCR-based techniques and pulsed field gel electrophoresis (PFGE) /, 2003
